| 000 | 00715nam a2200193 a 4500 | ||
|---|---|---|---|
| 001 | 000041756 | ||
| 005 | 20201002035733.0 | ||
| 008 | 131016s1994 sp 000 0 spa d | ||
| 020 | _a840007405X | ||
| 040 |
_aDO-SdBNP _bspa _cBNPHU |
||
| 082 |
_axxxx _bxxx |
||
| 100 | 1 |
_aCalvo Revuelta, Marta _968607 |
|
| 245 | 1 | 0 |
_aManual de preparación y conservación de invertebrados no artropodos. / _cMarta Calvo Revuelta. |
| 260 |
_aMadrid, : _bMuseo Nacional de Ciencias Naturales _bConsejo Superior de Investigaciones Científicas, _c1994. |
||
| 300 |
_a140 p. ; _c24 cm. |
||
| 490 | 1 |
_aManuales Técnicos de Museología _v2 |
|
| 504 | _aBibliografía p: 131-140 | ||
| 830 | 0 |
_aManuales Técnicos de Museología _v2 _915414 |
|
| 999 |
_c41245 _d41245 |
||